00490nam a2200169Ia 450000500170000000800410001702000150005808200130007310000140008624500370010026000390013730000130017665000110018994200060020095200990020699900150030520250325030121.0240331s9999 xx 000 0 und d a8187477555 bNAAa894 aNaadan, N 0aNaanjil naattu vellalar vaazhkai aNagercoilbKalachuvadu Pathippagam a119 p ., aEssays cL 001040708LaWERCLbWERCLcSSCd2024-03-31l0o 894.811 NAAp1926r2024-03-31w2024-03-31yL c4068d4068